| 000 | 01159cam a22002535a 4500 | ||
|---|---|---|---|
| 001 | L142710 | ||
| 008 | 080303s2007 xxk f 001 0 eng d | ||
| 020 | _a9780922154920 | ||
| 035 | _a(Sirsi) u142710 | ||
| 041 | 0 | _aeng | |
| 050 | 0 | 4 |
_a333.3382 $2 22 _a333.3320973 $2 18 |
| 110 | 2 |
_aAppraisal Institute _92987 |
|
| 245 | 0 | 0 | _aAppraising residential properties |
| 250 | _a4th ed. | ||
| 260 |
_aChicago _bAppraisal Institute _c2007 |
||
| 300 |
_ax, 500p. _c27cm. |
||
| 350 | _a49.50 | ||
| 520 | _aThis American text provides a full treatment of the techniques and procedures of residential property appraisal. Contains step-by-step instruction on the valuation process from initial inspection to final appraisal report. New information in this edition includes coverage of the use of statistics in real estate appraisal, real appraisal specialities, and automated valuation models. Also includes the ANSI/NAHB standard for measuring the size of houses. Bibliography. | ||
| 521 | 2 | _aAdvanced | |
| 590 | _aKA | ||
| 651 | 4 |
_aUnited States _y1959- |
|
| 690 | _aPROPERTY-RESIDENTIAL PROPERTY-RESIDENTIAL PROPERTY APPRAISAL AND VALUATION | ||
| 942 | _n0 | ||
| 999 |
_c107949 _d107949 |
||